| 000 -LEADER |
| fixed length control field |
00670nam a22002057a 4500 |
| 008 - FIXED-LENGTH DATA ELEMENTS--GENERAL INFORMATION |
| fixed length control field |
151012b xxu||||| |||| 00| 0 eng d |
| 020 ## - INTERNATIONAL STANDARD BOOK NUMBER |
| International Standard Book Number |
0669417327 |
| 041 0# - LANGUAGE CODE |
| Language code of text/sound track or separate title |
eng |
| 080 ## - UNIVERSAL DECIMAL CLASSIFICATION NUMBER |
| Universal Decimal Classification number |
512.5 |
| 100 1# - Rafti |
| Rafti |
Larson, Ron, |
| 245 10 - TITLE STATEMENT |
| Title |
College algebra : |
| Statement of responsibility, etc |
Roland E. Larson, Robert P. Hostetler, Bruce H. Edwards, with the assistance of David E. Heyd. |
| 250 ## - |
| -- |
2nd ed., instructor's annotated ed. |
| 260 ## - |
| -- |
Boston : |
| -- |
Houghton Mifflin, |
| -- |
1997. |
| 300 ## - |
| -- |
1 v. (various pagings) : |
| -- |
me il.; |
| -- |
24 cm. |
| 650 #0 - |
| -- |
Algjebra |
| 700 1# - |
| -- |
Hostetler, Robert P. |
| 700 1# - |
| -- |
Edwards, Bruce H., |
| 700 1# - |
| -- |
Heyd, David E. |
| 942 ## - ADDED ENTRY ELEMENTS (KOHA) |
| Source of classification or shelving scheme |
|
| Item type |
Books |